| 000 | 00970nam a2200205 a 4500 | ||
|---|---|---|---|
| 001 | 000074628 | ||
| 003 | AM-YEHGA | ||
| 005 | 20250617121739.0 | ||
| 008 | 991110s1977 ru |||||||||||||1 | rus d | ||
| 040 | _aAM-YeHGA | ||
| 041 | 0 | _arus | |
| 100 | 1 | _aГоловенок, Виктор Кириллович | |
| 245 | 1 | 0 |
_aВысокоглиноземистые формации докембрия / _cВ.К. Головенок ; М-во геологии СССР. Всесоюзный научно-исследовательский геологический ин-т. |
| 260 |
_aЛ. : _bНедра. Ленингр. отд-ние, _c1977. |
||
| 300 | _a268 с. | ||
| 650 | 1 | 4 | _aГорные породы. Петрография и петрология |
| 710 | 2 | _aВсесоюзный научно-исследовательский геологический институт им. А.П. Карпинского (ВСЕГЕИ) | |
| 942 |
_2udc _cBK |
||
| 090 | _c22801 | ||
| 999 |
_c22542 _d22542 |
||